000 01780nas a2200445 i 4500
001 196282
003 ES-MaACL
005 20250802231920.0
006 m g d f
007 cr*|||||||||||
008 240827c20019999sp fr pso f0 b0spa
010 _ac
_b1
022 0 _a2530-2116
_2_u
035 _a(OCoLC)1201057720
035 _a991058530309708606
035 _a(SpMaBN)a5859026
040 _aSpMaBN
_bspa
_cSpMaBN
_erdc
_dES-MaACL
080 _a355.353
130 0 _aCuadernos de pensamiento naval (Internet)
_9237606
210 0 _aCuad. pensam. naval
_bInternet
222 0 _aCuadernos de pensamiento naval
_bInternet
245 1 0 _aCuadernos de pensamiento naval /
_cEscuela de Guerra Naval
260 _aMadrid :
_bMinisterio de Defensa, Secretaría General Técnica,
_c2001-
310 _aSemestral
336 _aTexto (visual)
_2isbdcontent
337 _aelectrónico
_2isbdmedia
338 _2rdacarrier
_avolumen
362 0 _aN. 1 (jun. 2001)-
594 _aTítulo tomado de la cubierta del PDF (consultada el 27 de agosto de 2024)
650 7 _aMarina de guerra
_9136465
655 0 _aRevistas electrónicas
_2tgfbne
_9226718
655 0 _aPáginas Web
_2tgfbne
_9226719
710 _aEscuela de Guerra Naval (Madrid)
_9237607
710 1 _aEspaña.
_bMinisterio de Defensa.
_bSecretaría General Técnica
_9238621
776 0 8 _iVersión impresa
_tCuadernos de pensamiento naval =
_xISSN 1697-2333
_0195853
_w195853
856 4 0 _uhttp://www.armada.mde.es/ArmadaPortal/page/Portal/ArmadaEspannola/mardigitalrevistas/prefLang-es/06boletinPensamiento
_yAcceso electrónico
942 _2udc
_n0
_cREV_E
955 _bPilar Fernández Vera
999 _c196282
_d196282